000 00972nmc a2200325 a 4500
003 AR-BaBNM
005 20251128203349.0
008 128019s1984 ||||||||||||||000 | spa||
020 _a950-13-2217-3
040 _cAR-BaBNM
100 1 _aVega, Garcilaso de la
_cEl Inca
_d1539-1616
245 1 0 _aComentarios reales
_bselección
260 _aBuenos Aires
_bKapelusz
_c1984
300 0 _a138 p.
_bil.
490 0 _aGrandes obras de la literatura universal
_vv. 75
500 0 _aContiene resumen cronológico de la vida del autor y referencias bibliográficas en p. 7
650 4 _aCONQUISTA DE AMERICA
650 4 _aLITERATURA ESPANOLA
650 4 _aINCAS
650 4 _aHISTORIA AMERICANA
651 4 _aPerú
653 0 _aLITERATURA PERUANA
653 0 _aCRONICAS
653 0 _aCIVILIZACIONES PRECOLOMBINAS
655 _aLITERATURA
700 1 _aNóbile, Beatriz de
_ecompilador
800 1 _aLacau, María Hortensia
942 _cBK
998 _cMARTIN
999 _c3046
_d3046